[Event "Moscow op-A 16th"]
[Site "Moscow"]
[Date "2020.01.30"]
[Round "6"]
[White "Vdovin, Vadim"]
[Black "Tarasov, Oleg"]
[Result "0-1"]
[WhiteElo "2355"]
[BlackElo "2169"]
[PlyCount "50"]
[EventDate "2020.01.25"]
[EventType "swiss"]
[EventRounds "9"]
[EventCountry "RUS"]
[SourceTitle "CBM 194 Extra"]
[Source "ChessBase"]
[SourceDate "2020.03.31"]
[SourceVersion "1"]
[SourceVersionDate "2020.03.31"]
[SourceQuality "1"]

1. e4 c5 2. Nf3 d6 3. d4 cxd4 4. Nxd4 Nf6 5. Nc3 a6 6. Be2 e5 7. Nb3 Be7 8. Be3 0-0 9. g4 Be6 10. g5 Ne8 11. Qd2 Nc6 12. h4 f5 13. exf5 Bxf5 14. Nd5 Be4 15. Rg1 Nc7 16. Nb6 Rb8 17. Bc4+ d5 18. Bd3 Bf3 19. g6 Ne6 20. gxh7+ Kh8 21. Be2 Bxe2 22. Kxe2 d4 23. Bh6 Qxb6 24. Rxg7 d3+ 25. Kd1 Nxg7 0-1

[Event "Moscow op-A 16th"]
[Site "Moscow"]
[Date "2020.01.25"]
[Round "1"]
[White "Tarasov, Oleg"]
[Black "Smirnov, Alexey1111"]
[Result "1/2-1/2"]
[WhiteElo "2169"]
[BlackElo "2461"]
[PlyCount "115"]
[EventDate "2020.01.25"]
[EventType "swiss"]
[EventRounds "9"]
[EventCountry "RUS"]
[SourceTitle "CBM 194 Extra"]
[Source "ChessBase"]
[SourceDate "2020.03.31"]
[SourceVersion "1"]
[SourceVersionDate "2020.03.31"]
[SourceQuality "1"]

1. e4 e6 2. d4 d5 3. Nc3 Nf6 4. Bg5 dxe4 5. Nxe4 Be7 6. Bxf6 gxf6 7. g3 f5 8. Nc3 Bf6 9. Nge2 Nc6 10. d5 Ne7 11. dxe6 Bxe6 12. Bg2 c6 13. Qxd8+ Rxd8 14. Rd1 0-0 15. 0-0 Ng6 16. b3 f4 17. Rxd8 Rxd8 18. Rd1 Rxd1+ 19. Nxd1 Bg4 20. f3 Bf5 21. c4 Kf8 22. Kf2 Be5 23. Ndc3 Ke7 24. Ne4 h5 25. h3 a5 26. gxf4 Nxf4 27. Nxf4 Bxf4 28. Ke2 h4 29. Nc5 b6 30. Nd3 Bh6 31. c5 bxc5 32. Nxc5 Bc8 33. Kf2 Kd6 34. Nd3 Bf5 35. Ke2 Kd5 36. f4+ Kd4 37. Ne5 c5 38. Nc6+ Kc3 39. Nxa5 Bxf4 40. Nb7 Kd4 41. Nd8 Bd3+ 42. Kd1 Bb1 43. a4 Kc3 44. a5 Bc2+ 45. Ke1 Bxb3 46. Bb7 Bg3+ 47. Ke2 Bc7 48. Nc6 Bd5 49. a6 Bxc6 50. Bxc6 Bb8 51. Bd7 c4 52. Be8 f6 53. Bg6 Kb2 54. Bf5 Ba7 55. Kd1 Kc3 56. Ke2 Kd4 57. Kf3 Kc5 58. Kg4 1/2-1/2

[Event "Moscow-ch final"]
[Site "Moscow"]
[Date "2019.04.06"]
[Round "8"]
[White "Pak, Nikita"]
[Black "Tarasov, Oleg"]
[Result "0-1"]
[WhiteElo "1916"]
[BlackElo "2175"]
[PlyCount "70"]
[EventDate "2019.03.30"]
[EventType "swiss"]
[EventRounds "9"]
[EventCountry "RUS"]
[SourceTitle "CBM 189 Extra"]
[Source "ChessBase"]
[SourceDate "2019.06.03"]
[SourceVersion "1"]
[SourceVersionDate "2019.06.03"]
[SourceQuality "1"]

1. c4 c6 2. Nf3 d5 3. cxd5 cxd5 4. d4 Nf6 5. Bf4 Nc6 6. Nc3 a6 7. e3 Bg4 8. Be2 e6 9. 0-0 Be7 10. Ne5 Bxe2 11. Qxe2 Nxe5 12. Bxe5 0-0 13. Bxf6 Bxf6 14. Rfd1 Rc8 15. Rac1 Qa5 16. a3 Rc4 17. Ne4 Rfc8 18. Rxc4 Rxc4 19. Nd6 Rc7 20. Ne8 Rc6 21. Nxf6+ gxf6 22. Qg4+ Kf8 23. Qf4 Ke7 24. g4 Qc7 25. Qxc7+ Rxc7 26. a4 Rc2 27. b3 Kd7 28. Rb1 Kc6 29. b4 Kd6 30. b5 a5 31. Ra1 e5 32. dxe5+ fxe5 33. Kf1 Kc5 34. Ke1 Kb4 35. h4 Rc4 0-1

[Event "Moscow-ch final"]
[Site "Moscow"]
[Date "2019.04.02"]
[Round "4"]
[White "Israfilov, Ali"]
[Black "Tarasov, Oleg"]
[Result "0-1"]
[WhiteElo "1792"]
[BlackElo "2175"]
[PlyCount "84"]
[EventDate "2019.03.30"]
[EventType "swiss"]
[EventRounds "9"]
[EventCountry "RUS"]
[SourceTitle "CBM 189 Extra"]
[Source "ChessBase"]
[SourceDate "2019.06.03"]
[SourceVersion "1"]
[SourceVersionDate "2019.06.03"]
[SourceQuality "1"]

1. e4 c5 2. Nf3 d6 3. d4 cxd4 4. Nxd4 Nf6 5. Nc3 a6 6. Be2 e5 7. Nb3 Be7 8. 0-0 0-0 9. Re1 Be6 10. Bf1 Nbd7 11. a4 Qc7 12. Bg5 Rac8 13. Qd2 Rfd8 14. Rac1 h6 15. Bxf6 Nxf6 16. Nd5 Nxd5 17. exd5 Bg5 18. Qd3 Bxc1 19. Rxc1 Bd7 20. a5 Ba4 21. c4 e4 22. Qg3 Bxb3 23. Qxb3 Re8 24. Qc3 Qe7 25. b4 e3 26. fxe3 Qxe3+ 27. Qxe3 Rxe3 28. Rb1 Ra3 29. Kf2 Kf8 30. Rc1 Rb3 31. c5 Rxb4 32. c6 Rc7 33. Be2 Ke7 34. Bf3 bxc6 35. dxc6 Rb5 36. Re1+ Re5 37. Rxe5+ dxe5 38. Ke3 f5 39. g4 g6 40. Bg2 Kd6 41. gxf5 gxf5 42. h4 Rg7 0-1

[Event "Moscow-ch final"]
[Site "Moscow"]
[Date "2019.04.01"]
[Round "3"]
[White "Tarasov, Oleg"]
[Black "Muraseev, Vasilii"]
[Result "1/2-1/2"]
[WhiteElo "2175"]
[BlackElo "1444"]
[PlyCount "133"]
[EventDate "2019.03.30"]
[EventType "swiss"]
[EventRounds "9"]
[EventCountry "RUS"]
[SourceTitle "CBM 189 Extra"]
[Source "ChessBase"]
[SourceDate "2019.06.03"]
[SourceVersion "1"]
[SourceVersionDate "2019.06.03"]
[SourceQuality "1"]

1. e4 c6 2. d4 d5 3. exd5 cxd5 4. c4 Nf6 5. Nc3 Bf5 6. Nf3 e6 7. cxd5 Nxd5 8. Bb5+ Nc6 9. 0-0 Be7 10. Ne5 Qb6 11. Qa4 Rc8 12. Nxd5 exd5 13. Re1 Be6 14. Be3 0-0 15. a3 Nxe5 16. dxe5 Bc5 17. Bxc5 Rxc5 18. Bf1 Rfc8 19. Qd4 R5c6 20. Rad1 Qxd4 21. Rxd4 Rc2 22. Rb4 b6 23. Rd1 g6 24. f3 h5 25. h4 Kf8 26. Bd3 Rc1 27. Rxc1 Rxc1+ 28. Kf2 Ke7 29. Rb3 Rc5 30. f4 Kd7 31. Ke2 Kc6 32. Kd2 a5 33. Be2 Bf5 34. Rc3 d4 35. Rc4 Kd5 36. b3 Be4 37. Rxc5+ Kxc5 38. g4 hxg4 39. Bxg4 Bd5 40. f5 Be4 41. f6 Bc6 42. e6 Be8 43. Kd3 Kd5 44. h5 gxh5 45. Bxh5 Kxe6 46. Kxd4 Bc6 47. b4 axb4 48. axb4 Kxf6 49. Ke3 Ke6 50. Kf4 f5 51. Be2 Be4 52. Bc4+ Kd6 53. Bf7 Bd5 54. Be8 Be6 55. Ba4 Kd5 56. Bb3+ Kd6 57. Ba4 Bc8 58. Bb3 Bd7 59. Bc4 Kc6 60. Ke5 Bc8 61. Be2 Kc7 62. Bd3 Kd8 63. Bxf5 Bxf5 64. Kxf5 Kc7 65. Ke5 Kd7 66. Kd5 Kc7 67. b5 1/2-1/2

[Event "Moscow op-A 15th"]
[Site "Moscow"]
[Date "2019.01.28"]
[Round "3"]
[White "Nurmamedov, Azat"]
[Black "Tarasov, Oleg"]
[Result "1-0"]
[WhiteElo "2341"]
[BlackElo "2174"]
[PlyCount "111"]
[EventDate "2019.01.26"]
[EventType "swiss"]
[EventRounds "9"]
[EventCountry "RUS"]
[SourceTitle "CBM 188 Extra"]
[Source "ChessBase"]
[SourceDate "2019.02.26"]
[SourceVersion "1"]
[SourceVersionDate "2019.02.26"]
[SourceQuality "1"]

1. Nf3 d5 2. g3 Nf6 3. Bg2 c6 4. d4 Bf5 5. 0-0 e6 6. c4 Be7 7. Nc3 Nbd7 8. b3 Ne4 9. Bb2 Nxc3 10. Bxc3 Be4 11. e3 0-0 12. Qe2 Bf6 13. Rac1 Qe7 14. Bh3 dxc4 15. bxc4 c5 16. Rfd1 Rfd8 17. Nd2 Bc6 18. Nb3 b6 19. d5 Bb7 20. Bg2 Rab8 21. e4 Bxc3 22. Rxc3 e5 23. f4 Qd6 24. Qf3 Re8 25. Nc1 Re7 26. Re1 Rbe8 27. Nd3 f6 28. Bh3 Bc8 29. Kg2 Nb8 30. Bxc8 Rxc8 31. fxe5 fxe5 32. Rf1 Nd7 33. Qe2 Rf8 34. Rxf8+ Nxf8 35. Ne1 Rf7 36. Nf3 Qf6 37. Rd3 Nd7 38. Ra3 Nf8 39. Rd3 Nd7 40. Qe3 h6 41. Qe2 Nf8 42. Nh4 Ng6 43. Nf3 Ne7 44. Qb2 Ng6 45. a4 Re7 46. a5 bxa5 47. d6 Rd7 48. Qb5 Qe6 49. Qxc5 Kh7 50. Qd5 Qg4 51. Kf2 Rd8 52. d7 Qh3 53. Qf7 Nf8 54. Rd5 a4 55. Qe7 Rxd7 56. Qxf8 1-0

[Event "Moscow-ch"]
[Site "Moscow"]
[Date "2017.04.06"]
[Round "6"]
[White "Tarasov, Oleg"]
[Black "Geivondian, Arman"]
[Result "0-1"]
[WhiteElo "2252"]
[BlackElo "2388"]
[PlyCount "100"]
[EventDate "2017.04.01"]
[EventType "swiss"]
[EventRounds "9"]
[EventCountry "RUS"]
[SourceTitle "CBM 177 Extra"]
[Source "ChessBase"]
[SourceDate "2017.04.27"]
[SourceVersion "1"]
[SourceVersionDate "2017.04.27"]
[SourceQuality "1"]

1. e4 e6 2. d4 d5 3. Nc3 Nf6 4. Bg5 Bb4 5. exd5 Qxd5 6. Bxf6 gxf6 7. Qd2 Qg5 8. 0-0-0 Qxd2+ 9. Rxd2 b6 10. Be2 Bb7 11. Bf3 Nc6 12. d5 Bxc3 13. bxc3 Na5 14. dxe6 fxe6 15. Bxb7 Nxb7 16. Nf3 Rd8 17. Nd4 e5 18. Re2 Kf7 19. Nf5 Nd6 20. Nxd6+ cxd6 21. f4 Ke7 22. Rf1 Rc8 23. Rf3 Rhg8 24. Kb2 Ke6 25. f5+ Kf7 26. Rd3 Rc6 27. c4 Rg5 28. Rf2 h5 29. Kb3 Rg4 30. Rh3 h4 31. Rc3 a5 32. g3 h3 33. Rd2 Kg7 34. Ka4 Rd4 35. Rdd3 Rdxc4+ 36. Rxc4 Rxc4+ 37. Kb3 Rb4+ 38. Kc3 Kh6 39. a3 Rb5 40. Rxd6 Kg5 41. g4 Rb1 42. Rd3 Kxg4 43. Rg3+ Kxf5 44. Rxh3 Ke4 45. Rh4+ Ke3 46. Rh3+ Ke2 47. Rh5 Rf1 48. Kc4 e4 49. Kd4 e3 50. Ke4 f5+ 0-1

[Event "Moscow-ch"]
[Site "Moscow"]
[Date "2017.04.03"]
[Round "3"]
[White "Tarasov, Oleg"]
[Black "Obolentseva, Alexandra"]
[Result "1/2-1/2"]
[WhiteElo "2252"]
[BlackElo "2346"]
[PlyCount "104"]
[EventDate "2017.04.01"]
[EventType "swiss"]
[EventRounds "9"]
[EventCountry "RUS"]
[SourceTitle "CBM 177 Extra"]
[Source "ChessBase"]
[SourceDate "2017.04.27"]
[SourceVersion "1"]
[SourceVersionDate "2017.04.27"]
[SourceQuality "1"]

1. e4 c5 2. c3 Nf6 3. e5 Nd5 4. d4 cxd4 5. cxd4 d6 6. Nf3 Nc6 7. Bc4 dxe5 8. Nxe5 e6 9. 0-0 Be7 10. Re1 0-0 11. Nc3 Nxe5 12. Bxd5 Nc6 13. Bxc6 bxc6 14. Be3 Ba6 15. a3 Bc4 16. Qa4 Bd5 17. Rac1 Qb6 18. Nxd5 cxd5 19. b4 a5 20. Rc6 Qb7 21. b5 Rab8 22. b6 Qd7 23. Qb5 Bxa3 24. Bf4 Rb7 25. Re2 Be7 26. Rec2 g5 27. Bd2 a4 28. Qa6 a3 29. h4 h6 30. hxg5 hxg5 31. f4 Bf6 32. Qxa3 Bxd4+ 33. Be3 Bg7 34. fxg5 d4 35. Bd2 d3 36. R2c4 Bd4+ 37. Kh1 Kg7 38. Kh2 e5 39. Rh6 Rxb6 40. Rh7+ Kxh7 41. Qxf8 e4 42. Rxd4 Qxd4 43. Qxf7+ Qg7 44. Qh5+ Kg8 45. Qe8+ Qf8 46. Qxe4 Rd6 47. Bb4 d2 48. Bxd2 Rxd2 49. Qg6+ Kh8 50. Qh5+ Kg7 51. Qh6+ Kg8 52. Qg6+ Qg7 1/2-1/2

[Event "Moscow RGSU op"]
[Site "Moscow"]
[Date "2016.12.22"]
[Round "8"]
[White "Chudinovskikh, Alexander M"]
[Black "Tarasov, Oleg"]
[Result "1-0"]
[WhiteElo "2219"]
[BlackElo "2248"]
[PlyCount "39"]
[EventDate "2016.12.13"]
[EventType "swiss"]
[EventRounds "9"]
[EventCountry "RUS"]
[SourceTitle "CBM 176 Extra"]
[Source "ChessBase"]
[SourceDate "2017.03.02"]
[SourceVersion "1"]
[SourceVersionDate "2017.03.02"]
[SourceQuality "1"]

1. d4 d5 2. Bf4 Nf6 3. e3 c5 4. c3 Nc6 5. Nd2 e6 6. Bd3 a6 7. Ngf3 Be7 8. h3 b6 9. 0-0 Bb7 10. Qe2 Bd6 11. Bxd6 Qxd6 12. Rad1 0-0 13. e4 dxe4 14. Nxe4 Qf4 15. dxc5 Nxe4 16. Bxe4 bxc5 17. Rd7 Qb8 18. Ng5 g6 19. Nxh7 Rd8 20. Rfd1 1-0

[Event "Moscow RGSU op"]
[Site "Moscow"]
[Date "2016.12.20"]
[Round "6"]
[White "Tarasov, Oleg"]
[Black "Denishev, Marat"]
[Result "1/2-1/2"]
[WhiteElo "2248"]
[BlackElo "2382"]
[PlyCount "144"]
[EventDate "2016.12.13"]
[EventType "swiss"]
[EventRounds "9"]
[EventCountry "RUS"]
[SourceTitle "CBM 176 Extra"]
[Source "ChessBase"]
[SourceDate "2017.03.02"]
[SourceVersion "1"]
[SourceVersionDate "2017.03.02"]
[SourceQuality "1"]

1. e4 c5 2. c3 Nf6 3. e5 Nd5 4. d4 cxd4 5. cxd4 d6 6. Nf3 Nc6 7. Bc4 e6 8. 0-0 Be7 9. Qe2 0-0 10. exd6 Qxd6 11. Rd1 b6 12. Nc3 Nxc3 13. bxc3 Bb7 14. Bd3 Rac8 15. Ng5 Bxg5 16. Bxg5 Na5 17. Qh5 f5 18. Bd2 Rf6 19. Qe2 Bd5 20. Re1 Nc4 21. f3 Nxd2 22. Qxd2 Rh6 23. Re5 Rg6 24. Kf2 Qd8 25. g3 Rf6 26. f4 Rf7 27. Ba6 Rcc7 28. Rae1 Qd7 29. Bd3 Qc8 30. Rc1 g6 31. Be2 Rc6 32. Bf3 Bxf3 33. Kxf3 Rfc7 34. Re3 b5 35. a3 a5 36. Qe2 b4 37. axb4 axb4 38. c4 Rxc4 39. Rxc4 Rxc4 40. Rxe6 Rc3+ 41. Kf2 Rc2 42. Re8+ Qxe8 43. Qxc2 Qe6 44. Qc5 Qa2+ 45. Kf3 Qb3+ 46. Kg2 Qb1 47. Kh3 Qe1 48. d5 b3 49. Qc8+ Kg7 50. Qb7+ Kh6 51. Qxb3 Qf1+ 52. Kh4 Qe2 53. Kh3 Qf1+ 54. Kh4 Qe2 55. Kh3 Kh5 56. Qb1 Qg4+ 57. Kg2 Qe2+ 58. Kh3 Qg4+ 59. Kg2 Qe2+ 60. Kh3 h6 61. Qa1 Qd3 62. Qa2 Qf1+ 63. Qg2 Qd1 64. Qf2 Qd3 65. d6 g5 66. fxg5 hxg5 67. Kg2 g4 68. h3 Qd5+ 69. Kh2 gxh3 70. Kxh3 Qh1+ 71. Qh2 Qd1 72. Qf2 Qh1+ 1/2-1/2

[Event "Moscow op-A"]
[Site "Moscow"]
[Date "2016.02.03"]
[Round "5"]
[White "Tarasov, Oleg"]
[Black "Drygalov, Andrey"]
[Result "0-1"]
[WhiteElo "2219"]
[BlackElo "2352"]
[PlyCount "84"]
[EventDate "2016.01.30"]
[EventType "swiss"]
[EventRounds "9"]
[EventCountry "RUS"]
[SourceTitle "CBM 170 Extra"]
[Source "ChessBase"]
[SourceDate "2016.02.25"]
[SourceVersion "1"]
[SourceVersionDate "2016.02.25"]
[SourceQuality "1"]

1. e4 c5 2. c3 Nf6 3. e5 Nd5 4. d4 cxd4 5. cxd4 d6 6. Nf3 e6 7. Bc4 Nc6 8. 0-0 Be7 9. Qe2 0-0 10. Qe4 Qc7 11. Bd3 f5 12. exf6 Nxf6 13. Qe2 Nb4 14. Bc4 d5 15. Bb3 Nc6 16. Nc3 a6 17. Rd1 Bd6 18. Bg5 Bd7 19. Rac1 Rae8 20. Qd3 Qb8 21. a3 Re7 22. Bh4 Be8 23. Bg3 Bh5 24. Qe3 Ng4 25. Qe1 Nh6 26. Rd3 Nf5 27. Bxd6 Qxd6 28. Ne2 Bxf3 29. Rxf3 Ncxd4 30. Nxd4 Nxd4 31. Rxf8+ Kxf8 32. Qe3 Nf5 33. Qf3 Ke8 34. g4 Nd4 35. Rc8+ Kd7 36. Qf8 Nc6 37. Ba4 b5 38. Bc2 g6 39. Bd3 Qc5 40. Ra8 Qd4 41. Qc8+ Kd6 42. Be2 Rf7 0-1

[Event "Moscow op-A"]
[Site "Moscow"]
[Date "2016.01.31"]
[Round "2"]
[White "Faizrakhmanov, Ramil"]
[Black "Tarasov, Oleg"]
[Result "1-0"]
[WhiteElo "2426"]
[BlackElo "2219"]
[PlyCount "105"]
[EventDate "2016.01.30"]
[EventType "swiss"]
[EventRounds "9"]
[EventCountry "RUS"]
[SourceTitle "CBM 170 Extra"]
[Source "ChessBase"]
[SourceDate "2016.02.25"]
[SourceVersion "1"]
[SourceVersionDate "2016.02.25"]
[SourceQuality "1"]

1. d4 d5 2. c4 c6 3. Nc3 Nf6 4. e3 e6 5. Nf3 Nbd7 6. Qc2 Bd6 7. b3 0-0 8. Be2 Qe7 9. 0-0 b6 10. Bb2 Bb7 11. Rad1 Rfd8 12. Rfe1 Rac8 13. e4 dxe4 14. Nxe4 Nxe4 15. Qxe4 Nf8 16. Bd3 f6 17. Qg4 Qf7 18. c5 bxc5 19. Bc4 Kh8 20. h4 Qg6 21. Bxe6 Nxe6 22. Qxe6 Qe8 23. Qxe8+ Rxe8 24. Ba3 Rcd8 25. Bxc5 Bb8 26. h5 Kg8 27. h6 Ba6 28. Be7 Rd7 29. Bxf6 Rxe1+ 30. Rxe1 gxf6 31. Re8+ Kf7 32. Rxb8 Be2 33. Nh4 Rxd4 34. Rb7+ Ke6 35. g3 Rd7 36. Rxd7 Kxd7 37. f4 c5 38. Kf2 Bd3 39. Ke3 Bb1 40. a3 a5 41. Kd2 Be4 42. Kc3 Ke6 43. g4 Kf7 44. Kc4 Bc2 45. a4 Bd1 46. g5 fxg5 47. fxg5 Bc2 48. Kxc5 Bxb3 49. Kb5 Ke6 50. g6 Bc2 51. g7 Kf7 52. Kxa5 Bb3 53. Kb4 1-0

[Event "Moscow-ch sf"]
[Site "Moscow"]
[Date "2011.03.27"]
[Round "9"]
[White "Tarasov, Oleg"]
[Black "Tilicheev, Viacheslav"]
[Result "1/2-1/2"]
[WhiteElo "2305"]
[BlackElo "2336"]
[PlyCount "36"]
[EventDate "2011.03.13"]
[EventType "swiss"]
[EventRounds "9"]
[EventCountry "RUS"]
[SourceTitle "CBM 141 Extra"]
[Source "ChessBase"]
[SourceDate "2011.05.03"]
[SourceVersion "1"]
[SourceVersionDate "2011.05.03"]
[SourceQuality "1"]

1. e4 c5 2. c3 Qa5 3. Nf3 Nc6 4. a3 Nf6 5. e5 Ng4 6. d4 cxd4 7. b4 Qd5 8. cxd4 Ncxe5 9. Nxe5 Nxe5 10. Nc3 Qc6 11. Bd2 Nc4 12. d5 Qc7 13. Rc1 Qe5+ 14. Be2 Nd6 15. Be3 Qf6 16. Bd2 Qe5 17. Be3 Qf6 18. Bd2 Qe5 1/2-1/2

[Event "Moscow-ch sf"]
[Site "Moscow"]
[Date "2011.03.24"]
[Round "7"]
[White "Tarasov, Oleg"]
[Black "Ustinov, Alexey"]
[Result "1-0"]
[WhiteElo "2305"]
[BlackElo "2184"]
[PlyCount "127"]
[EventDate "2011.03.13"]
[EventType "swiss"]
[EventRounds "9"]
[EventCountry "RUS"]
[SourceTitle "CBM 141 Extra"]
[Source "ChessBase"]
[SourceDate "2011.05.03"]
[SourceVersion "1"]
[SourceVersionDate "2011.05.03"]
[SourceQuality "1"]

1. e4 e5 2. Nf3 Nc6 3. d4 exd4 4. Nxd4 Qh4 5. Nb5 Bb4+ 6. c3 Ba5 7. Nd2 a6 8. Na3 Bb6 9. g3 Qe7 10. Bg2 d6 11. Ndc4 Ba7 12. Be3 Nf6 13. 0-0 0-0 14. Re1 Bg4 15. f3 Bh5 16. Qd2 Bxe3+ 17. Nxe3 Qd7 18. Nac2 h6 19. Nf5 Ne5 20. g4 Bg6 21. Nce3 Rad8 22. Rad1 Bxf5 23. Nxf5 Rfe8 24. Qf2 Qe6 25. b3 Nc6 26. c4 a5 27. h4 a4 28. g5 hxg5 29. hxg5 Nh7 30. f4 axb3 31. axb3 Nf8 32. Rd3 Ne7 33. Nd4 Qg4 34. Rf1 Ra8 35. Rg3 Qh4 36. Qf3 Neg6 37. Rh3 Qxf4 38. Qxf4 Nxf4 39. Rxf4 Re5 40. Rf5 Rea5 41. Rhf3 Ng6 42. Rxa5 Rxa5 43. Rg3 Ra1+ 44. Kf2 Ra2+ 45. Ke1 Ra1+ 46. Kd2 Rg1 47. Ne2 Rb1 48. Kc2 Re1 49. Nd4 Rg1 50. Nf3 Ra1 51. Bh3 Nf4 52. Bc8 b6 53. Nd4 Re1 54. Bb7 Rh1 55. Bd5 Rh2+ 56. Kb1 Rh1+ 57. Ka2 Rh2+ 58. Ka3 c5 59. Nf5 Ne2 60. Rf3 b5 61. cxb5 Nc1 62. b4 c4 63. Bxc4 Rc2 64. Nxd6 1-0

[Event "Moscow op-E"]
[Site "Moscow"]
[Date "2011.01.29"]
[Round "1.117"]
[White "Tarasov, Oleg"]
[Black "Kozhevnikov, Ivan"]
[Result "1-0"]
[WhiteElo "2319"]
[BlackElo "1942"]
[PlyCount "91"]
[EventDate "2011.01.29"]
[EventType "swiss"]
[EventRounds "9"]
[EventCountry "RUS"]
[SourceTitle "EXT 2022"]
[Source "ChessBase"]
[SourceDate "2021.10.06"]
[SourceVersion "1"]
[SourceVersionDate "2021.10.06"]
[SourceQuality "1"]

1. e4 c5 2. c3 Nf6 3. e5 Nd5 4. d4 cxd4 5. cxd4 d6 6. Nf3 Nc6 7. Bc4 dxe5 8. Nxe5 Nxe5 9. dxe5 e6 10. 0-0 Nb6 11. Qxd8+ Kxd8 12. Be2 Bd7 13. Bf3 Bc6 14. Bxc6 bxc6 15. Nc3 Nc4 16. Rd1+ Kc7 17. Rd4 Nb6 18. Rf4 f6 19. exf6 g6 20. Re4 Re8 21. f7 Re7 22. Bf4+ e5 23. Bxe5+ Rxe5 24. Rxe5 Nc4 25. Re8 Nd6 26. Rae1 Nxf7 27. R8e7+ Bxe7 28. Rxe7+ Kb6 29. Rxf7 Re8 30. Kf1 h5 31. Rf6 Rd8 32. Rxg6 Kb7 33. Ke2 Re8+ 34. Kd3 Rf8 35. Ne4 Rd8+ 36. Rd6 Rg8 37. g3 Kc7 38. Rd7+ Kb6 39. f4 c5 40. f5 c4+ 41. Kxc4 Rc8+ 42. Kd5 Rc1 43. f6 Rd1+ 44. Ke6 Re1 45. Ke5 Kc6 46. Rxa7 1-0